000
00254nam a2200109Ia 4500
008
191206s9999 xx 000 0 und d
020
_a
198760590
090
_a
HX56
245
0
_a
Marxism and politics
260
_a
Oxford University Press
260
_c
c1977
999
_c
16450
_d
16450